| 000 | 00428nam a2200181Ia 4500 | ||
|---|---|---|---|
| 001 | 10560 | ||
| 005 | 20260306161841.0 | ||
| 008 | 260306t2018||||xx |||||||||||||| ||spa|| | ||
| 041 | _aESP | ||
| 082 |
_a940.27 _bR782A |
||
| 100 |
_aRudé, George _eAUT |
||
| 245 | 0 | _aLa Europa revolucionaría 1783-1815 | |
| 260 | _c2018 | ||
| 300 |
_a381páginas : _c22 cm. |
||
| 650 | _aGEN | ||
| 654 | _aCHU | ||
| 942 |
_cLIB _dJUS _fJUS _2ddc _n |
||
| 999 |
_c10560 _d10560 |
||